000 00663nam a2200253Ia 4500
003 OSt
005 20221007072359.0
006 a|||||r|||| 00| 0
007 ta
008 221006b |||||||| |||| 00| 0 eng d
024 _a25,372
037 _cTextual
040 _aFLL
_cFLL
_beng
041 _2eng
_aeng
082 _aZ3:6, G7 2
100 _aBurgin E. Leslie
_9690381
245 0 _aConflict of laws
250 _a3rd
260 _aLondon
_bStevens & Sons UK
_c1937
300 _a347,7p
_ccm.
700 _a Fletcher G. M.
_9690382
942 _hZ3:6, G7 2
_cTEXL
_2CC
999 _c1145911
_d1145911